A Critical Survey of Biomineralization (Запис № 447388)
[ простий вигляд ]
| 000 -LEADER | |
|---|---|
| fixed length control field | 03432nam a22005775i 4500 |
| 001 - CONTROL NUMBER | |
| control field | 978-3-319-47711-4 |
| 003 - CONTROL NUMBER IDENTIFIER | |
| control field | DE-He213 |
| 005 - DATE AND TIME OF LATEST TRANSACTION | |
| control field | 20210118130419.0 |
| 007 - PHYSICAL DESCRIPTION FIXED FIELD--GENERAL INFORMATION | |
| fixed length control field | cr nn 008mamaa |
| 008 - FIXED-LENGTH DATA ELEMENTS--GENERAL INFORMATION | |
| fixed length control field | 161104s2017 gw | s |||| 0|eng d |
| 020 ## - INTERNATIONAL STANDARD BOOK NUMBER | |
| International Standard Book Number | 9783319477114 |
| -- | 978-3-319-47711-4 |
| 024 7# - OTHER STANDARD IDENTIFIER | |
| Standard number or code | 10.1007/978-3-319-47711-4 |
| Source of number or code | doi |
| 050 #4 - LIBRARY OF CONGRESS CALL NUMBER | |
| Classification number | R856-857 |
| 050 #4 - LIBRARY OF CONGRESS CALL NUMBER | |
| Classification number | HC79.E5 |
| 050 #4 - LIBRARY OF CONGRESS CALL NUMBER | |
| Classification number | GE220 |
| 072 #7 - SUBJECT CATEGORY CODE | |
| Subject category code | MQW |
| Source | bicssc |
| 072 #7 - SUBJECT CATEGORY CODE | |
| Subject category code | TEC059000 |
| Source | bisacsh |
| 072 #7 - SUBJECT CATEGORY CODE | |
| Subject category code | MQW |
| Source | thema |
| 082 04 - DEWEY DECIMAL CLASSIFICATION NUMBER | |
| Classification number | 610.28 |
| Edition number | 23 |
| 100 1# - MAIN ENTRY--PERSONAL NAME | |
| Personal name | Engel, Jürgen. |
| Relator term | author. |
| Relator code | aut |
| -- | http://id.loc.gov/vocabulary/relators/aut |
| 245 12 - TITLE STATEMENT | |
| Title | A Critical Survey of Biomineralization |
| Medium | [electronic resource] : |
| Remainder of title | Control, Mechanisms, Functions and Material Properties / |
| Statement of responsibility, etc | by Jürgen Engel. |
| 250 ## - EDITION STATEMENT | |
| Edition statement | 1st ed. 2017. |
| 264 #1 - | |
| -- | Cham : |
| -- | Springer International Publishing : |
| -- | Imprint: Springer, |
| -- | 2017. |
| 300 ## - PHYSICAL DESCRIPTION | |
| Extent | VIII, 64 p. 27 illus., 17 illus. in color. |
| Other physical details | online resource. |
| 336 ## - | |
| -- | text |
| -- | txt |
| -- | rdacontent |
| 337 ## - | |
| -- | computer |
| -- | c |
| -- | rdamedia |
| 338 ## - | |
| -- | online resource |
| -- | cr |
| -- | rdacarrier |
| 347 ## - | |
| -- | text file |
| -- | |
| -- | rda |
| 490 1# - SERIES STATEMENT | |
| Series statement | SpringerBriefs in Applied Sciences and Technology, |
| Міжнародний стандартний серійний номер для назви серії (ISSN) | 2191-530X |
| 505 0# - FORMATTED CONTENTS NOTE | |
| Formatted contents note | Introduction -- Chemistry and minerals -- Biominerals and their functions in different organisms -- Different types of molecular control in biomineralization -- Enamel: the hardest known biomineral -- Formation of mollusk shells -- The glass house of diatoms -- In vitro studies of mineral-protein interactions -- What can we learn from biology for materials science?- Biomineralization for future research -- Outlook. |
| 520 ## - SUMMARY, ETC. | |
| Summary, etc | This monograph provides a comprehensive and up-to-date approach on biomineralization. The topical focus of the book lies on the question of how matrix proteins and cells catalyze and regulate mineralization in organisms. Recent advances in the understanding of biomineralization help to better understand biomaterials, in particular their mechanical properties. The target audience primarily comprises practitioners and research experts in the field, but the book may also be beneficial for graduate students. |
| 506 ## - RESTRICTIONS ON ACCESS NOTE | |
| Terms governing access | Available to subscribing member institutions only. Доступно лише організаціям членам підписки. |
| 506 ## - RESTRICTIONS ON ACCESS NOTE | |
| Standardized terminology for access restriction | Online access from local network of NaUOA. |
| 506 ## - RESTRICTIONS ON ACCESS NOTE | |
| Standardized terminology for access restriction | Online access with authorization at https://link.springer.com/ |
| 506 ## - RESTRICTIONS ON ACCESS NOTE | |
| Standardized terminology for access restriction | Онлайн-доступ з локальної мережі НаУОА. |
| 506 ## - RESTRICTIONS ON ACCESS NOTE | |
| Standardized terminology for access restriction | Онлайн доступ з авторизацією на https://link.springer.com/ |
| 650 #0 - SUBJECT ADDED ENTRY--TOPICAL TERM | |
| Topical term or geographic name as entry element | Biomedical engineering. |
| 650 #0 - SUBJECT ADDED ENTRY--TOPICAL TERM | |
| Topical term or geographic name as entry element | Biomaterials. |
| 650 14 - SUBJECT ADDED ENTRY--TOPICAL TERM | |
| Topical term or geographic name as entry element | Biomedical Engineering and Bioengineering. |
| -- | http://scigraph.springernature.com/things/product-market-codes/T2700X |
| 650 24 - SUBJECT ADDED ENTRY--TOPICAL TERM | |
| Topical term or geographic name as entry element | Biomaterials. |
| -- | http://scigraph.springernature.com/things/product-market-codes/Z13000 |
| 710 2# - ADDED ENTRY--CORPORATE NAME | |
| Corporate name or jurisdiction name as entry element | SpringerLink (Online service) |
| 773 0# - HOST ITEM ENTRY | |
| Title | Springer eBooks |
| 776 08 - ADDITIONAL PHYSICAL FORM ENTRY | |
| Display text | Printed edition: |
| International Standard Book Number | 9783319477107 |
| 776 08 - ADDITIONAL PHYSICAL FORM ENTRY | |
| Display text | Printed edition: |
| International Standard Book Number | 9783319477121 |
| 830 #0 - SERIES ADDED ENTRY--UNIFORM TITLE | |
| Uniform title | SpringerBriefs in Applied Sciences and Technology, |
| -- | 2191-530X |
| 856 40 - ELECTRONIC LOCATION AND ACCESS | |
| Uniform Resource Identifier | <a href="https://doi.org/10.1007/978-3-319-47711-4">https://doi.org/10.1007/978-3-319-47711-4</a> |
| 912 ## - | |
| -- | ZDB-2-ENG |
| 942 ## - ADDED ENTRY ELEMENTS (KOHA) | |
| Koha item type | ЕКнига |
Немає доступних примірників.